PHARMACEUTICAL PROCESS CHEMISTRY (Record no. 1221433)

MARC details
000 -LEADER
fixed length control field 00448nam a2200157Ia 4500
008 - FIXED-LENGTH DATA ELEMENTS--GENERAL INFORMATION
fixed length control field 260514s2023 xx 000 0 und d
041 ## - LANGUAGE CODE
Language code of text/sound track or separate title eng
082 ## - DEWEY DECIMAL CLASSIFICATION NUMBER
Classification number 615.19/TIW
Item number M-3578
100 ## - MAIN ENTRY--PERSONAL NAME
Personal name DR.ABHISHEK TIWARI
245 ## - TITLE STATEMENT
Title PHARMACEUTICAL PROCESS CHEMISTRY
260 ## - PUBLICATION, DISTRIBUTION, ETC.
Place of publication, distribution, etc. PUNE
Name of publisher, distributor, etc. NIRALI PRAKASHAN
Date of publication, distribution, etc. 2023
300 ## - PHYSICAL DESCRIPTION
Extent P.B.5.47/R.2
650 ## - SUBJECT ADDED ENTRY--TOPICAL TERM
Topical term or geographic name entry element PHARMACEUTICAL CHEMISTRY
650 ## - SUBJECT ADDED ENTRY--TOPICAL TERM
Topical term or geographic name entry element PHARMACEUTICAL PROCESS CHEMISTRY
700 ## - ADDED ENTRY--PERSONAL NAME
Personal name DR.VARSHA TIWARI
Holdings
Withdrawn status Lost status Damaged status Not for loan Home library Current library Date acquired Cost, normal purchase price Total Checkouts Full call number Barcode Date last seen Price effective from Koha item type
        College of Pharmacy, Kolhapur College of Pharmacy, Kolhapur 31/03/2025 365.00   615.19/TIW/M-3578 PCK-M-3578 14/05/2026 14/05/2026 Book